عرض عادي
عرض مارك
- Universities and colleges
مدخل مصطلح موضوعي
001 - رقم الضبط
- حقل الضبط: 34330
003 - معرف رقم الضبط
- حقل الضبط: OSt
005 - تاريخ ووقت أخر عملية
- حقل الضبط: 20130314104213.0
008 - عناصر بيانات ثابتة الطول
- حقل تحكم ثابت الطول: 130314|||a|||||| | ||| d
040 ## - مصدر الفهرسة
- هيئة الفهرسة الأصلية: OSt
- وكالة الكتابة: OSt
150 ## - مدخل-- مصطلح تاريخي
- عنصر مدخل المصطلح الموضوعي او الاسم الجغرافي: Universities and colleges
- تفريع جغرافي: Great Britain
- تفريع عام: Graduate work.
670 ## - بيانات المصدر موجوده
- الاستشهاد بالمصدر: Work cat.: (OSt)0: Phillips, Estelle, 1928- 34328, How to get a Phd, 2010.
